| 000 | 00480cam a22001812 4500 | ||
|---|---|---|---|
| 001 | 0000000598 | ||
| 005 | 20151217155804.0 | ||
| 008 | 070213s xx 000 0 eng d | ||
| 040 |
_aKABU _cKABU |
||
| 050 | 0 |
_aD829 _b.A33S68 |
|
| 100 | 1 |
_aSmuts, J C. _@0000148594 |
|
| 245 | 1 | 0 | _aPlans for a better world. |
| 260 |
_aLondon : _bHodder and Stoughton, _c1942. |
||
| 300 | _a288 p. | ||
| 908 | _a070213 | ||
| 950 | _@1 | ||
| 999 |
_c12414 _d12414 |
||